| 000 | 00478nam a2200157 4500 | ||
|---|---|---|---|
| 005 | 20260103182639.0 | ||
| 008 | 260103b |||||||| |||| 00| 0 eng d | ||
| 020 | _a978-81-7992-162-X | ||
| 041 | _aEnglish | ||
| 082 |
_aX 823 SHA _bB12119 |
||
| 100 |
_aSharma, Robin _9216153 |
||
| 245 |
_aThe Monk Who Sold His Ferrari _b:A Fable about fulfilling your Dreams and Reaching your Destiny |
||
| 260 |
_aMumbai _bJacio Publishing House _c2003 |
||
| 300 |
_a198p _bpb |
||
| 942 | _cBK | ||
| 999 |
_c369676 _d369676 |
||